Регионална библиотека "Любен Каравелов" - Русе

Operatic Overtures (Запис номер 520128)

MARC детайли
000 -Лидер
Лидер 01813njm a2200361 a 4500
003 - Код на организацията, давaща контролен номер
Код на организацията, даваща контролен номер BLK
005 - Дата и час на последна редакция
Дата и час на последна редакция 20241023135656.0
007 - Фиксирано поле за физическо описани
Физическо описание sd ammalaaahaa
008 - Елементи от данни с фиксирана дължина
Елементи с фиксирана дължина 180413b bul||n|| |||||||| n|bulo|
028 ## - PUBLISHER NUMBER
Издателски номер GLPM 477
040 ## - Източник на каталожния запис
Код на библиотеката BLK
041 ## - Код за език
Език на записа Чешки
-- Английски
Език за КДБФ Чешки
080 ## - УДК
УДК текст Опера, музикална драма - изпълнители
УДК код 782.1.071.2
УДК – определител (086.72)
УДК – код + определител 785.74(086.72)
080 ## - УДК
УДК текст Увертюра. Прелюдия. Към драм. муз. произведение
УДК код 78.086.1
УДК – определител (086.72)
УДК – код + определител 78.086.1(086.72)
100 ## - Редна дума - Автор
Автор Adam, Adolphe C.
R(LIN) 494072
245 ## - Сведения за заглавието
Заглавие Operatic Overtures
Авторска отговорност Adolphe C. Adam et all. ; Prague national theatre orchestra ; Prague Radio Symphony Orchestra ; cond. Jiri Strniste et all.
257 ## - Страна на издаване
Страна на създаване/издаване Чехословакия
260 ## - Област на издателските данни
Място на издаване Praha
Име на издателя Supraphon
Година на издаване б. г.
9 (RLIN) 210746
300 ## - Физическа характеристика
Брой страници 1 грамофонна плоча
Илюстрации 33 1/3 об./мин.,моно
Размер 25 см
380 ## - Жанр
Жанр Изкуство
500 ## - Общи забележки
Обща забележка Page A:<br/>1 Adolphe Adam / If I were king - Prague Radio Symphony Orchestra, Jiří Strniště<br/>2 Daniel F. E. Auber / Fra Diavolo - Czech Film Symphony Orchestra, Jiří Strnište<br/>Page B:<br/>3 Vincenzo Bellini / Norma - Orchestr Národního Divadla, Zdeněk Folprecht<br/>4 Ambroise Thomas / Mignon - Orchestr Národního Divadla, Jiří Pinkas
650 #0 - Допълнително описание по предмет – тема
9 (RLIN) 299196
Предметна рубрика Певци, оперни
653 ## - Ключова дума – ненормативна
9 (RLIN) 192858
Ключови думи оперни увертюри
700 1# - Други автори (авторска отговорност)
9 (RLIN) 4073
Друг автор Auber, Daniel F. E.
Пълното име на др. автор Auber, Daniel Francois Esprit
700 1# - Други автори (авторска отговорност)
9 (RLIN) 4895
Друг автор Bellini, Vincenzo
700 1# - Други автори (авторска отговорност)
9 (RLIN) 26166
Друг автор Thomas, Ambroise
700 ## - Други автори (авторска отговорност)
9 (RLIN) 495585
Друг автор Strniste, Jiri
710 ## - Име на организация или юридическо лице като допълнителен термин за търсене
9 (RLIN) 494955
Друг колективен автор Prague national theatre orchestra
710 ## - Име на организация или юридическо лице като допълнителен термин за търсене
9 (RLIN) 494111
Друг колективен автор Prague Radio Symphony Orchestra
852 ## - Местоположение
Сигнатура (форматна) Ф 13
Отдел Хранилище
942 ## - АРТИКУЛИ
Вид на библиотечния документ Грамофонни плочи
Скрит в OPAC Не
944 ## - СЪЗДАВАНЕ И РЕДАКЦИЯ на ЗАПИСА
Дата на регистрацията/редакция Севдалина Тодорова
Служител, извършил регистрацията/редакцията 30540
Статус, дата на статуса Севдалина Тодорова
Създаване/Редакция
999 ## - СИСТЕМНИ КОНТРОЛНИ НОМЕРА
Koha biblionumber 520128
Koha biblioitemnumber 520128
Наличности
Код за отписване Код за изгубен артикул Източник на класификационната схема Код за повреда Коз за рестрикции Код за отдаване Артикулен № Име на библиотеката - собственик Име на библиотеката, в която се намира в момента Статус (Текущо местоположение) Дата на вписване в системата Местоположение - отдел Цена в лева Инвентарен номер Систематично азбучна сигнатура Баркод Цена в евро Служебен тип на артикула
  Не е изгубен Universal Decimal Classification Не е повреден само за читалня ползва се в читалня 952850 Регионална библиотека "Любен Каравелов" Русе Регионална библиотека "Любен Каравелов" Русе Хранилище 2024-10-23 Основен фонд - ползва се само за читалня 3.20 161/63 Ф 13 900000109571 1.64 Грамофонни плочи
Vip Innovations Ltd, Rousse, Bulgaria 2025